| 000 | 00975cam a2200289 a 4500 | ||
|---|---|---|---|
| 999 |
_c18414 _d18414 |
||
| 001 | 3873822 | ||
| 003 | BDDh-ASL | ||
| 005 | 20231015025715.0 | ||
| 008 | 891207s1989 ctua b 001 0beng | ||
| 010 | _a 89051020 | ||
| 020 | _a0300045956 | ||
| 040 |
_aDLC _cDLC _dBDDh-ASL |
||
| 043 | _aa-ii--- | ||
| 050 | 0 | 0 |
_aDS481.G3 _bB735 1989 |
| 082 | 0 | 0 |
_a923.25403 _220 _bBRG |
| 100 | 1 |
_aBrown, Judith M. _q(Judith Margaret), _d1944- |
|
| 245 | 1 | 0 |
_aGandhi : _bprisoner of hope / _cJudith M. Brown. |
| 260 |
_aNew Haven : _bYale University Press, _c1989. |
||
| 300 |
_axii, 440 p. : _bill. ; _c24 cm. |
||
| 504 | _aIncludes bibliographical references (p. [432]-433). | ||
| 600 | 1 | 0 |
_aGandhi, _cMahatma, _d1869-1948. |
| 650 | 0 |
_aNationalists _zIndia _xBiography. |
|
| 650 | 0 |
_aStatesmen _zIndia _xBiography. |
|
| 906 |
_a7 _bcbc _corignew _d2 _eocip _f19 _gy-gencatlg |
||
| 942 |
_2ddc _cBK |
||